band members - Statistics

General Stats
  • This quiz has been taken 7 times
  • The average score is 7 of 16
Answer Stats
Picture Answer % Correct
freddie mercury
67%
harry styles
67%
cruz
50%
john lennon
50%
josh
50%
liam payne
50%
zayn malik
50%
adam levine
33%
chris martin
33%
danny
33%
hendrick
33%
john
33%
louis tomlinson
33%
niall horan
33%
nicolas
33%
sean
33%
No matching quizzes found
Score Distribution
Percent of People with Each Score
Percentile by Number Answered
Your Score History
You have not taken this quiz